[Event "xxx"]
[Site ""]
[Date "1998.07.29"]
[Round "5"]
[White "DAVERKAUSEN, Bernd"]
[Black "HALSER, Walter"]
[Result "1-0"]
[WhiteElo "2250"]
[BlackElo "2090"]
[PlyCount "78"]
[EventDate "1998.07.25"]

1. e4 e5 2. Nf3 Nc6 3. Nc3 Nf6 4. g3 Bc5 5. Bg2 d6 6. d3 a6 7. O-O Be6 8. h3 h6
9. Kh2 g5 10. Ne1 h5 11. Bxg5 Ng4+ 12. Qxg4 hxg4 13. Bxd8 gxh3 14. Bh4 hxg2 15.
Kxg2 Kd7 16. Nd5 Raf8 17. Nf6+ Kc8 18. c3 Ne7 19. Nf3 Ng6 20. Rh1 c6 21. Bg5
Rxh1 22. Rxh1 Bxa2 23. b4 Bb6 24. c4 Bb3 25. Ra1 Bd8 26. Kf1 Bxf6 27. Bxf6 { }
27... d5 28. Nd2 dxc4 29. dxc4 Bc2 30. Ke2 Kd7 31. Ra2 Ke6 32. Bg7 Rg8 33. Bh6
Rh8 34. Be3 f5 35. Rxc2 f4 36. gxf4 exf4 37. Bd4 Rh1 38. Nf3 Rb1 39. Rb2 Rc1
1-0

[Event "xxx"]
[Site ""]
[Date "1998.07.29"]
[Round "5"]
[White "STEINER, Peter Dr."]
[Black "OSTROWSKI, Andrzej"]
[Result "1/2-1/2"]
[WhiteElo "2115"]
[BlackElo "2245"]
[PlyCount "142"]
[EventDate "1998.07.25"]

1. e4 c5 2. Nc3 e6 3. g3 Nc6 4. Bg2 g6 5. d3 Bg7 6. Be3 Nd4 7. Qd2 Ne7 8. Nd1
d6 9. c3 Ndc6 10. Bh6 O-O 11. h4 f6 12. Bxg7 Kxg7 13. f4 d5 14. h5 b5 15. hxg6
hxg6 16. e5 fxe5 17. fxe5 Rh8 18. Rxh8 Qxh8 19. Nf3 Bd7 20. Nf2 Qh6 21. Qxh6+
Kxh6 22. Ng4+ Kg7 23. Nf6 Be8 24. d4 cxd4 25. cxd4 Nf5 26. Rc1 Nfxd4 27. Nxd4
Nxd4 28. Rc7+ Bf7 29. Kf2 b4 30. Bf1 a6 31. g4 Nb5 32. Rc5 Rh8 33. Kg3 Rb8 34.
Rc6 a5 35. Rc5 Nd4 36. Rxa5 Nc6 37. Rc5 Nxe5 38. g5 Rb7 39. Kf4 Nd7 40. Nxd7
Rxd7 41. Rb5 Ra7 42. Rxb4 Rxa2 43. Bh3 Ra1 44. Ke5 Re1+ 45. Kd6 e5 46. Rb7 { }
46... e4 47. Be6 Rf1 48. Bxd5 e3 49. Re7 Kf8 50. Rxe3 Bxd5 51. Kxd5 Rg1 52. b4
Rxg5+ 53. Kc6 Rf5 54. b5 Kg7 55. b6 Rf2 56. b7 Rc2+ 57. Kd7 Rd2+ 58. Kc8 Rc2+
59. Kd8 Rd2+ 60. Kc7 Rc2+ 61. Kb8 Kf6 62. Ra3 Kf5 63. Ka8 Rb2 64. b8=Q Rxb8+
65. Kxb8 g5 66. Kc7 g4 67. Kd6 Kf4 68. Ke6 g3 69. Ra1 g2 70. Kf6 Kg3 71. Kg5
Kh2 1/2-1/2

[Event "xxx"]
[Site ""]
[Date "1998.07.30"]
[Round "6"]
[White "LERNER, Konstantin"]
[Black "RUCK, Robert"]
[Result "1/2-1/2"]
[WhiteElo "2580"]
[BlackElo "2485"]
[PlyCount "144"]
[EventDate "1998.07.25"]

1. Nf3 g6 2. d4 Nf6 3. c4 Bg7 4. g3 O-O 5. Bg2 c6 6. Nc3 d5 7. cxd5 cxd5 8. Ne5
e6 9. O-O Nfd7 10. f4 Nc6 11. Be3 f6 12. Nf3 Nb6 13. b3 Bd7 14. Bf2 Qe7 15. Qd2
Rac8 16. Rac1 Rfd8 17. Ne1 Nb4 18. a3 Na6 19. Ra1 Nc7 20. a4 Bc6 21. Nd3 Nd7
22. Rfe1 e5 23. fxe5 fxe5 24. e4 dxe4 25. Nxe4 exd4 26. Nec5 Qf6 27. Nxd7 Rxd7
28. Ne5 Rd6 29. Nxc6 bxc6 30. Rac1 Nd5 31. Rc4 Nb6 32. Rc5 Rf8 33. Rf1 Nd7 34.
Ra5 Ne5 35. Rxa7 Ng4 36. Be1 Qe5 37. Rxf8+ Bxf8 38. Ra8 d3 39. Bf3 Qd4+ 40. Bf2
Nxf2 41. Qxf2 d2 42. Bd1 Qxf2+ 43. Kxf2 Re6 44. Rd8 Rd6 45. Rxd6 Bxd6 46. Ke3
Kf7 47. Kxd2 Ke6 48. Bf3 h5 49. Bxc6 g5 50. Kc3 Bc5 51. Be8 h4 52. g4 Kd6 53.
b4 Bf2 54. h3 Be1+ 55. Kc4 Bd2 56. Bg6 Be1 57. Be4 Bd2 58. Kb5 Kc7 59. a5 Be1
60. Ka4 Kd6 61. b5 Kc5 62. Bc6 Bd2 63. Be8 Be1 64. b6 Bd2 65. b7 Bf4 66. Kb3
Bb8 67. Kc3 Kd6 68. Kc4 Kc7 69. a6 Ba7 70. Kd5 Kb8 71. Bc6 Bb6 72. Ke6 72...
Be3 {.} 1/2-1/2

[Event "xxx"]
[Site ""]
[Date "1998.07.30"]
[Round "6"]
[White "CVITAN, Ognjen"]
[Black "LENDWAI, Reinhard"]
[Result "1-0"]
[WhiteElo "2525"]
[BlackElo "2375"]
[PlyCount "74"]
[EventDate "1998.07.25"]

1. d4 d5 2. Nf3 c6 3. c4 e6 4. Qc2 Nf6 5. g3 dxc4 6. Qxc4 b5 7. Qd3 a6 8. Bg2
Bb7 9. a4 bxa4 10. O-O c5 11. Nc3 cxd4 12. Qxd4 Qxd4 13. Nxd4 Bxg2 14. Kxg2 a3
15. b3 Bb4 16. Na4 O-O 17. Bxa3 Bxa3 18. Rxa3 e5 19. Nf5 g6 20. Nd6 Rd8 21. Nc4
Ra7 22. Nc5 Rd5 23. Nd3 e4 24. Nf4 Rb5 25. e3 Rab7 26. Na5 Rd7 27. Ne2 Rd2 28.
Nd4 Rb4 29. Nc4 Rd3 30. Ra5 Kg7 31. Rc1 Nbd7 32. Rxa6 Nc5 33. Ra7 Nxb3 34. Nxb3
Rdxb3 35. Nd6 Nd5 36. Rxf7+ Kh6 37. Nf5+ 37... Kg5 { } 1-0

[Event "xxx"]
[Site ""]
[Date "1998.07.30"]
[Round "6"]
[White "KOUTSIN, Sergej"]
[Black "DANNER, Georg"]
[Result "1/2-1/2"]
[WhiteElo "2415"]
[BlackElo "2340"]
[PlyCount "22"]
[EventDate "1998.07.25"]

1. d4 c5 2. c3 Nf6 3. Nf3 e6 4. e3 b6 5. Nbd2 Bb7 6. Bd3 Nc6 7. O-O Be7 8. a3
d5 9. Qe2 Qc7 10. e4 dxe4 11. Nxe4 11... cxd4 {.} 1/2-1/2

[Event "xxx"]
[Site ""]
[Date "1998.07.30"]
[Round "6"]
[White "ZSINKA, Laszlo"]
[Black "KUMMER, Helmut"]
[Result "0-1"]
[WhiteElo "2340"]
[BlackElo "2315"]
[PlyCount "64"]
[EventDate "1998.07.25"]

1. d4 d5 2. c4 c6 3. Nc3 e6 4. Nf3 dxc4 5. a4 Bb4 6. e3 b5 7. Bd2 a5 8. Be2 Nf6
9. O-O O-O 10. Qb1 Ba6 11. e4 Nbd7 12. e5 Nd5 13. Ng5 g6 14. Qe4 Qe7 15. axb5
cxb5 16. Nxd5 exd5 17. Bxb4 axb4 18. Qxd5 Nb6 19. Qc6 Qxg5 20. Qxb6 Rfb8 21.
Qd6 Bb7 22. g3 Qd8 23. Qc5 Qd5 24. Qxd5 Bxd5 25. f3 b3 26. Kf2 b4 27. Rxa8 Rxa8
28. Rc1 c3 29. bxc3 bxc3 30. Rb1 b2 31. Bd3 Ra1 32. Ke3 32... Ba2 { } 0-1

[Event "xxx"]
[Site ""]
[Date "1998.07.30"]
[Round "6"]
[White "BALINOV, Ilia"]
[Black "WOHLFAHRT, Herbert jun."]
[Result "1/2-1/2"]
[WhiteElo "2450"]
[BlackElo "2265"]
[PlyCount "39"]
[EventDate "1998.07.25"]

1. e4 c5 2. Nf3 d6 3. d4 cxd4 4. Nxd4 Nf6 5. Nc3 a6 6. Bc4 e6 7. Bb3 Nbd7 8. f4
Nc5 9. Qf3 Qc7 10. f5 Be7 11. g4 d5 12. exd5 Qe5+ 13. Nde2 exf5 14. g5 Nfe4 15.
Bf4 Nxg5 16. Qg2 Qf6 17. d6 Bd8 18. Nd5 Qxb2 19. O-O Nge6 20. Bg3 { } 1/2-1/2

[Event "xxx"]
[Site ""]
[Date "1998.07.30"]
[Round "6"]
[White "STANEC, Nikolaus"]
[Black "AMMANN, Philipp"]
[Result "1-0"]
[WhiteElo "2495"]
[BlackElo "2225"]
[PlyCount "69"]
[EventDate "1998.07.25"]

1. d4 f5 2. g3 Nf6 3. Bg2 d6 4. Nc3 g6 5. e4 c6 6. Nge2 Bg7 7. h4 Qb6 8. O-O
O-O 9. Rb1 fxe4 10. Nxe4 Nxe4 11. Bxe4 Nd7 12. Bg2 e5 13. Be3 Qa6 14. d5 c5 15.
Nc3 Nf6 16. Bg5 Bf5 17. a3 Rac8 18. Bxf6 Bxf6 19. Ne4 Bg7 20. Qd2 Rc7 21. Rbe1
Kh8 22. c3 b5 23. Ra1 Qb6 24. a4 Bxe4 25. Bxe4 b4 26. Kg2 Bf6 27. Qe2 Rb7 28.
h5 g5 29. a5 Qb5 30. Qg4 Qd7 31. Qxd7 Rxd7 32. cxb4 cxb4 33. Rfc1 Rb8 34. Rc6
Be7 35. Bf5 { } 1-0

[Event "xxx"]
[Site ""]
[Date "1998.07.30"]
[Round "6"]
[White "LAKOS, Nikoletta"]
[Black "KUBA, Guenter"]
[Result "1/2-1/2"]
[WhiteElo "2385"]
[BlackElo "2235"]
[PlyCount "35"]
[EventDate "1998.07.25"]

1. e4 e5 2. Nf3 Nc6 3. Bc4 Bc5 4. O-O Nf6 5. d4 Bxd4 6. Nxd4 Nxd4 7. Bg5 d6 8.
f4 Be6 9. fxe5 dxe5 10. Bxf6 gxf6 11. Bxe6 Nxe6 12. Nc3 c6 13. Qxd8+ Rxd8 14.
Rxf6 Rd2 15. Rf2 Rxf2 16. Kxf2 Nd4 17. Rc1 Rg8 18. g3 {.} 1/2-1/2

[Event "xxx"]
[Site ""]
[Date "1998.07.30"]
[Round "6"]
[White "WITTMANN, Walter Dr."]
[Black "SANDHU, Mario"]
[Result "1/2-1/2"]
[WhiteElo "2380"]
[BlackElo "2190"]
[PlyCount "62"]
[EventDate "1998.07.25"]

1. e4 c6 2. d4 d5 3. Nd2 dxe4 4. Nxe4 Nf6 5. Nxf6+ gxf6 6. Nf3 Bg4 7. Be2 e6 8.
Bf4 Na6 9. Qd2 Qb6 10. O-O O-O-O 11. c3 Nc7 12. b4 e5 13. Be3 Nd5 14. a4 e4 15.
a5 Qc7 16. Nh4 Bxe2 17. Qxe2 Nxc3 18. Qc4 Nd5 19. b5 cxb5 20. Qxb5 Qd7 21. Qb3
Kb8 22. Rab1 Bb4 23. Bf4+ Ka8 24. a6 b6 25. Bg3 f5 26. Be5 Rhg8 27. g3 f4 28.
Bxf4 Nxf4 29. Qxb4 Qxd4 30. Qb3 Qd5 31. Qe3 31... Nd3 { } 1/2-1/2

[Event "xxx"]
[Site ""]
[Date "1998.07.30"]
[Round "6"]
[White "KRANZL, Peter"]
[Black "KRUMPACNIK, Domen"]
[Result "1/2-1/2"]
[WhiteElo "2280"]
[BlackElo "2380"]
[PlyCount "69"]
[EventDate "1998.07.25"]

1. e4 e6 2. d4 d5 3. Nd2 c5 4. exd5 Qxd5 5. Ngf3 cxd4 6. Bc4 Qd6 7. O-O Be7 8.
Ne4 Qc6 9. Qxd4 Nf6 10. Ng3 O-O 11. Bd3 Nbd7 12. c3 Rd8 13. Bc2 b5 14. Qh4 Bb7
15. Qh3 Nf8 16. Bg5 Ng6 17. Rfe1 Qc5 18. Be3 Qc7 19. Ng5 Nf8 20. Rac1 h6 21.
Nf3 Bxf3 22. gxf3 Nd5 23. Qg2 Nf4 24. Bxf4 Qxf4 25. Nh5 Qg5 26. Qxg5 Bxg5 27.
Rcd1 f5 28. Ng3 Bd2 29. Re2 Bf4 30. Rxd8 Rxd8 31. Bb3 Bxg3 32. hxg3 a5 33.
Bxe6+ Nxe6 34. Rxe6 Rd2 35. Re5 {.} 1/2-1/2

[Event "xxx"]
[Site ""]
[Date "1998.07.30"]
[Round "6"]
[White "KISS, Attila"]
[Black "KRANZ, Armin"]
[Result "1/2-1/2"]
[WhiteElo "2340"]
[BlackElo "2185"]
[PlyCount "58"]
[EventDate "1998.07.25"]

1. d4 Nf6 2. c4 e6 3. g3 d5 4. Bg2 dxc4 5. Nf3 Nc6 6. O-O Rb8 7. Nc3 a6 8. e4
Be7 9. Bg5 O-O 10. h4 b5 11. Re1 Bb7 12. e5 Nd5 13. Ne4 Ncb4 14. Re2 Nd3 15. a3
h6 16. Bxe7 Qxe7 17. Nh2 c5 18. dxc5 Nxc5 19. Nd6 Nd3 20. Nxb7 Qxb7 21. Rd2
Rbd8 22. b4 Qc7 23. Qc2 Qxe5 24. Rad1 Nc3 25. Nf3 Qf6 26. Rf1 Ne4 27. Re2 Nc3
28. Rd2 Ne4 29. Re2 29... Nc3 {.} 1/2-1/2

[Event "xxx"]
[Site ""]
[Date "1998.07.30"]
[Round "6"]
[White "ZOEBISCH, Herbert"]
[Black "ZIMMERMAN, Yuri"]
[Result "1/2-1/2"]
[WhiteElo "2235"]
[BlackElo "2340"]
[PlyCount "200"]
[EventDate "1998.07.25"]

1. d4 Nf6 2. c4 g6 3. Nc3 Bg7 4. e4 d6 5. f3 O-O 6. Be3 a6 7. Qd2 Nc6 8. Nge2
Rb8 9. Bh6 Bxh6 10. Qxh6 e5 11. O-O-O b5 12. h4 Kh8 13. h5 Ng8 14. Qd2 g5 15.
d5 Na5 16. Ng3 bxc4 17. Be2 f6 18. Nf1 Bd7 19. Ne3 Ne7 20. Nxc4 Nxc4 21. Bxc4
Qc8 22. g4 Rb6 23. Kb1 Qb7 24. Rc1 Rb4 25. Qe2 a5 26. a3 Rb6 27. Rhd1 Rb8 28.
Rc2 Qa7 29. Rdc1 h6 30. Ka1 Kg7 31. Qd2 R6b7 32. Qe2 Kh7 33. Ba6 Rb6 34. Bc4
Kg7 35. Qf2 Qa8 36. Qd2 Qb7 37. Qe2 Ra8 38. Ba2 Qb8 39. Bc4 Kh7 40. Qd2 Ra7 41.
Ba2 Kh8 42. Bc4 Kg7 43. Ba2 Rbb7 44. Bc4 Be8 45. Qd3 Rb6 46. Qd2 Rab7 47. Ba2
Ra6 48. Bc4 Raa7 49. Qd3 Bd7 50. Ba6 Rb3 51. Bc4 Rb6 52. Qd2 Qe8 53. Ba2 Rbb7
54. Bc4 Ba4 55. Nxa4 Qxa4 56. Ba2 Qd7 57. Rc3 Nc8 58. Rc6 Nb6 59. Qc2 Qd8 60.
Bc4 Nd7 61. Ra6 Qb8 62. Rxa7 Qxa7 63. Qa4 Nf8 64. Rc3 Kf7 65. Ka2 Ke7 66. Bb5
Qb6 67. Rb3 Qa7 68. Qc4 68... Qc5 { } 69. Qxc5 dxc5 70. Bc6 Rb6 71. Rb5 Kd6 72.
Rxa5 Ne6 73. Ra8 c4 74. dxe6 Rxc6 75. Rh8 c3 76. bxc3 Rxc3 77. Rxh6 Rxf3 78.
Rh8 Kxe6 79. a4 Re3 80. h6 Kf7 81. Rc8 Kg6 82. a5 Rxe4 83. Kb3 Rxg4 84. a6 Rg1
85. a7 Ra1 86. a8=Q Rxa8 87. Rxa8 Kxh6 88. Kc4 Kh5 89. Kd3 Kg4 90. Ke2 e4 91.
Ra1 Kf4 92. Rf1+ Ke5 93. Rc1 f5 94. Rxc7 f4 95. Re7+ Kf5 96. Rf7+ Kg4 97. Rg7
Kf5 98. Rf7+ Kg4 99. Rg7 Kf5 100. Rf7+ 100... Kg4 { } 1/2-1/2

[Event "xxx"]
[Site ""]
[Date "1998.07.30"]
[Round "6"]
[White "LASCHET, Ewald"]
[Black "BRANDNER, Stefan"]
[Result "0-1"]
[WhiteElo "2195"]
[BlackElo "2340"]
[PlyCount "30"]
[EventDate "1998.07.25"]

1. d4 d5 2. Nf3 Nc6 3. Bf4 Bg4 4. Nbd2 e6 5. e3 Bd6 6. Be2 Nf6 7. Bg3 O-O 8.
O-O Ne4 9. c4 f5 10. c5 Bxg3 11. hxg3 Rf6 12. Qc2 Rh6 13. Rfb1 Nb4 14. Qb3 a5
15. Kf1 { } 15... Nxd2+ 0-1

[Event "xxx"]
[Site ""]
[Date "1998.07.30"]
[Round "6"]
[White "GAERTNER, Guntram"]
[Black "FROSCH, Ronald"]
[Result "1/2-1/2"]
[WhiteElo "2340"]
[BlackElo "2180"]
[PlyCount "40"]
[EventDate "1998.07.25"]

1. d4 Nf6 2. c4 e6 3. Nc3 d5 4. cxd5 exd5 5. Bg5 Be7 6. e3 O-O 7. Qc2 c6 8. Bd3
h6 9. Bh4 Nbd7 10. Nf3 Re8 11. O-O-O b5 12. Kb1 a5 13. h3 a4 14. g4 Qa5 15. Ne2
b4 16. Qd2 Ne4 17. Bxe4 dxe4 18. Bxe7 Rxe7 19. Ne1 Nb6 20. Nc2 20... Nd5 { }
1/2-1/2

[Event "xxx"]
[Site ""]
[Date "1998.07.30"]
[Round "6"]
[White "FUCHS, Georg"]
[Black "SZIEBERT, Adam"]
[Result "0-1"]
[WhiteElo "2180"]
[BlackElo "2330"]
[PlyCount "28"]
[EventDate "1998.07.25"]

1. e4 c5 2. Nf3 e6 3. b3 b6 4. d4 cxd4 5. Nxd4 Bb7 6. Nc3 Nf6 7. e5 Qc7 8. Bb2
Bb4 9. Qd3 Ba6 10. Qf3 Qxe5+ 11. Nde2 Bxe2 12. Bxe2 Nd5 13. O-O-O Bxc3 14. Rxd5
14... Bxb2+ { } 0-1

[Event "xxx"]
[Site ""]
[Date "1998.07.30"]
[Round "6"]
[White "PINGITZER, Harald"]
[Black "KUPFNER, Franz"]
[Result "1-0"]
[WhiteElo "2300"]
[BlackElo "2160"]
[PlyCount "49"]
[EventDate "1998.07.25"]

1. Nf3 Nf6 2. d4 g6 3. g3 Bg7 4. Bg2 O-O 5. O-O d6 6. b3 Nbd7 7. Bb2 Re8 8. c4
c6 9. Nc3 Qa5 10. Qd2 e5 11. Rfd1 Nf8 12. dxe5 dxe5 13. Ne4 Qxd2 14. Nfxd2 Nxe4
15. Nxe4 Ne6 16. Nd6 Rd8 17. e3 Rb8 18. h4 Bd7 19. Rd2 h5 20. Rad1 Be8 21. b4
Kf8 22. a4 f5 23. b5 e4 24. Bxg7+ Nxg7 25. Nxe4 { } 1-0

[Event "xxx"]
[Site ""]
[Date "1998.07.30"]
[Round "6"]
[White "KLEISSL, Helmut"]
[Black "WERNDL, Erich Mag."]
[Result "0-1"]
[WhiteElo "2300"]
[BlackElo "2105"]
[PlyCount "38"]
[EventDate "1998.07.25"]

1. c4 Nf6 2. Nc3 g6 3. e4 d6 4. d4 Bg7 5. Nf3 O-O 6. Be2 e5 7. dxe5 dxe5 8.
Qxd8 Rxd8 9. Bg5 c6 10. Nxe5 Re8 11. O-O-O Nxe4 12. Nxe4 Bxe5 13. Bf3 Bf5 14.
Nd6 Bxd6 15. Rxd6 Nd7 16. h3 Nc5 17. Rd4 Ne6 18. Be3 Nxd4 19. Bxd4 19... Be4 { 
} 0-1

[Event "xxx"]
[Site ""]
[Date "1998.07.30"]
[Round "6"]
[White "THOMA, Robert"]
[Black "SCHWANINGER, Wolfgang"]
[Result "1-0"]
[WhiteElo "2285"]
[BlackElo "2080"]
[PlyCount "99"]
[EventDate "1998.07.25"]

1. b3 Nf6 2. Bb2 d6 3. d4 g6 4. Nf3 Bg7 5. g3 O-O 6. Bg2 c6 7. Nc3 Qa5 8. Qd2
Na6 9. a3 Bg4 10. Ne4 Qxd2+ 11. Nexd2 Bf5 12. Rc1 Ne4 13. Nh4 Nxd2 14. Nxf5
gxf5 15. Kxd2 Nc5 16. Rhd1 Ne4+ 17. Ke1 d5 18. c4 Rad8 19. Rc2 Rd7 20. e3 e6
21. a4 Rfd8 22. Ba3 Bf8 23. Bxf8 Kxf8 24. c5 Ke7 25. b4 f6 26. b5 e5 27. bxc6
bxc6 28. Rb1 Rc7 29. Rb3 Ng5 30. Ke2 Re8 31. h4 Ne4 32. Bh3 Kf7 33. Kf3 Ke6 34.
a5 Rg8 35. a6 Rcg7 36. Bf1 f4 37. gxf4 exd4 38. Rb7 dxe3 39. Rxg7 Rxg7 40. Kxe3
Rg1 41. f5+ Kxf5 42. Bh3+ Kg6 43. Bd7 Re1+ 44. Kf4 Rh1 45. Bxc6 Rxh4+ 46. Ke3
Nc3 47. Kd3 d4 48. Be8+ Kf5 49. c6 Nb5 50. Rc5+ { } 1-0

[Event "xxx"]
[Site ""]
[Date "1998.07.30"]
[Round "6"]
[White "KARLUSCH, Albrecht"]
[Black "GRABHER, Heinz"]
[Result "1-0"]
[WhiteElo "2185"]
[BlackElo "2285"]
[PlyCount "99"]
[EventDate "1998.07.25"]

1. e4 c5 2. Nf3 e6 3. d4 cxd4 4. Nxd4 Nf6 5. Nc3 Nc6 6. Nxc6 bxc6 7. e5 Nd5 8.
Ne4 Qc7 9. f4 Qb6 10. c4 Bb4+ 11. Ke2 f5 12. Nf2 Ba6 13. Kf3 Ne7 14. Be3 Bc5
15. Bxc5 Qxc5 16. b3 Qb6 17. Qd6 c5 18. Nd3 Bb7+ 19. Kf2 Rc8 20. Qxb6 axb6 21.
Be2 Be4 22. Nb2 Nc6 23. Na4 Rb8 24. Nc3 Nd4 25. Bf3 Bxf3 26. gxf3 d6 27. exd6
Rd8 28. Rad1 Rxd6 29. Ne2 Ke7 30. Nxd4 cxd4 31. Rd3 Kf6 32. Kg3 Rg8 33. h4 g6
34. b4 Rc8 35. Rc1 h6 36. c5 bxc5 37. bxc5 Rd5 38. c6 Ke7 39. Rcd1 Rxc6 40.
Rxd4 Rcd6 41. Rxd5 exd5 42. a4 Ke6 43. a5 Ra6 44. Ra1 Kd6 45. Kf2 Kc5 46. Ke3
Kc4 47. Rc1+ Kb5 48. Kd4 Re6 49. Rc5+ Ka6 50. Kxd5 { } 1-0

[Event "xxx"]
[Site ""]
[Date "1998.07.30"]
[Round "6"]
[White "EBNER, Hubert"]
[Black "DAVERKAUSEN, Bernd"]
[Result "1-0"]
[WhiteElo "2275"]
[BlackElo "2250"]
[PlyCount "117"]
[EventDate "1998.07.25"]

1. Nf3 Nf6 2. c4 g6 3. Nc3 Bg7 4. d4 O-O 5. e4 d6 6. Be2 Bg4 7. Be3 Nbd7 8. Rc1
c5 9. d5 a6 10. a4 Qa5 11. Bd2 Qd8 12. O-O Ne5 13. Nxe5 Bxe2 14. Nxf7 Bxd1 15.
Nxd8 Bb3 16. Ne6 Rfc8 17. Nxg7 Kxg7 18. e5 dxe5 19. Rfe1 Nd7 20. f4 Bxc4 21. a5
Re8 22. fxe5 Rad8 23. Bg5 h6 24. Bh4 g5 25. Bg3 b5 26. axb6 Nxb6 27. d6 Bd3 28.
Bf2 exd6 29. exd6 Rxe1+ 30. Rxe1 Nc8 31. Bxc5 Nxd6 32. Re7+ Nf7 33. h3 Kf6 34.
Rb7 { } 34... Bc4 35. Be7+ Kf5 36. Bxd8 Nxd8 37. Rc7 Bb3 38. Rd7 Ne6 39. Rd6
Bc4 40. Rc6 Bd3 41. Nd5 Bb5 42. Rb6 h5 43. Nb4 Nc5 44. Rd6 Ke4 45. Rg6 Kf5 46.
Rd6 Ke4 47. Rd2 Ne6 48. Kf2 h4 49. Nd5 Bc4 50. Nf6+ Kf5 51. Ng4 Kf4 52. Rd6 Ke4
53. Ne3 Bb3 54. Rxa6 Nf4 55. Rb6 Nd3+ 56. Ke2 Bf7 57. Rb7 Bh5+ 58. Kd2 Ne5 59.
Rb4+ 1-0

[Event "xxx"]
[Site ""]
[Date "1998.07.30"]
[Round "6"]
[White "NAIDITSCH, Arkadij"]
[Black "SEIFERT, Milan Ing."]
[Result "1-0"]
[WhiteElo "2390"]
[BlackElo "2240"]
[PlyCount "49"]
[EventDate "1998.07.25"]

1. e4 g6 2. d4 Bg7 3. Nc3 d6 4. Be3 Nf6 5. Qd2 Ng4 6. Bg5 h6 7. Bh4 O-O 8. f3
Nf6 9. O-O-O a6 10. g4 b5 11. g5 hxg5 12. Bxg5 Re8 13. Nge2 b4 14. Nd5 Nxd5 15.
exd5 c5 16. h4 Qa5 17. Kb1 c4 18. h5 Bf5 19. Ng3 c3 20. Qh2 Qxd5 21. Nxf5 gxf5
22. h6 Bf8 23. h7+ 23... Kh8 { } 24. Bf6+ exf6 25. Rg1 1-0

[Event "xxx"]
[Site ""]
[Date "1998.07.30"]
[Round "6"]
[White "KREINDL, Helmut"]
[Black "STEINER, Peter Dr."]
[Result "1-0"]
[WhiteElo "2270"]
[BlackElo "2115"]
[PlyCount "83"]
[EventDate "1998.07.25"]

1. e4 c5 2. c3 d5 3. exd5 Qxd5 4. d4 Nf6 5. Nf3 Bg4 6. Be2 cxd4 7. cxd4 e6 8.
Nc3 Qa5 9. Qb3 Qb4 10. O-O Nc6 11. Be3 Qxb3 12. axb3 a6 13. h3 Bf5 14. Ne5 Nb4
15. Bb5+ Ke7 16. d5 exd5 17. Rfe1 Nc2 18. Bc5+ Ke6 19. Nf3+ Nxe1 20. Rxe1+ Ne4
21. Nd4+ Kf6 22. Nxd5+ Ke5 23. Bxf8 Raxf8 24. Nxf5 axb5 25. Nfe3 f5 26. Nc7 f4
27. Ng4+ Kf5 28. f3 Nf6 29. Re5+ Kg6 30. Rxb5 Nxg4 31. hxg4 Rb8 32. Ne6 Rhc8
33. Rf5 h6 34. Nxf4+ Kh7 35. Rf7 Rc1+ 36. Kh2 Rc6 37. Nh5 Rg6 38. Kg3 Kg8 39.
Rd7 Rb6 40. Rxg7+ Kh8 41. Rc7 Rxb3 42. Nf6 { } 1-0

[Event "xxx"]
[Site ""]
[Date "1998.07.30"]
[Round "6"]
[White "HOLZER, Gerhard"]
[Black "WAIS, Michael Mag."]
[Result "1-0"]
[WhiteElo "2255"]
[BlackElo "2085"]
[PlyCount "47"]
[EventDate "1998.07.25"]

1. e4 c5 2. Nf3 Nc6 3. Nc3 g6 4. d4 cxd4 5. Nxd4 Bg7 6. Nb3 Bxc3+ 7. bxc3 Qc7
8. f3 d6 9. Be2 Be6 10. Nd4 O-O-O 11. Nb5 Qa5 12. Bd2 Ne5 13. c4 Qa4 14. Rb1
Bxc4 15. Rb4 Bxb5 16. Rxa4 Bxa4 17. Bc3 Nf6 18. Qd4 Bc6 19. Qxa7 Kd7 20. Bb5
Ra8 21. Qxb7+ Ke6 22. Bxc6 Nxc6 23. Bxf6 Na5 24. Qxe7# { } 1-0

[Event "xxx"]
[Site ""]
[Date "1998.07.30"]
[Round "6"]
[White "TSCHOHL, Christof"]
[Black "MITTELBERGER, Peter Dr."]
[Result "0-1"]
[WhiteElo "2130"]
[BlackElo "2230"]
[PlyCount "98"]
[EventDate "1998.07.25"]

1. d4 d6 2. Nf3 g6 3. c4 Bg7 4. g3 Nf6 5. Nc3 O-O 6. Bg2 Nc6 7. d5 Na5 8. Nd2
c5 9. O-O a6 10. Qc2 Rb8 11. b3 b5 12. Bb2 Nd7 13. Nd1 Bxb2 14. Nxb2 Nf6 15. e4
bxc4 16. bxc4 e5 17. dxe6 fxe6 18. f4 e5 19. Nd3 Nc6 20. Rfe1 Nd4 21. Qc3 Qc7
22. Nf3 Bg4 23. fxe5 Bxf3 24. exf6 Bxg2 25. Kxg2 Rxf6 26. Nf4 Qf7 27. e5 Qb7+
28. Nd5 Rf3 29. Qd2 Qb2 30. Rad1 Rd3 31. Qf2 Qxf2+ 32. Kxf2 Rb2+ 33. Kf1 Rxd1
34. Rxd1 dxe5 35. Nf6+ Kg7 36. Nd7 Rxa2 37. Nxc5 a5 38. Nd7 Rxh2 39. Kg1 Nf3+
40. Kf1 Rh1+ 41. Ke2 Nd4+ 42. Kd2 Rxd1+ 43. Kxd1 Nc6 44. Nc5 Kf6 45. Ke2 Kf5
46. Kf3 h5 47. Kf2 g5 48. Kf3 Nd4+ 49. Kf2 49... h4 { } 0-1

[Event "xxx"]
[Site ""]
[Date "1998.07.30"]
[Round "6"]
[White "VODEP, Otto DI."]
[Black "LENZ, Alarich"]
[Result "1/2-1/2"]
[WhiteElo "2105"]
[BlackElo "2230"]
[PlyCount "50"]
[EventDate "1998.07.25"]

1. c4 e5 2. Nc3 Nf6 3. Nf3 Nc6 4. d3 Be7 5. e3 O-O 6. Be2 d5 7. cxd5 Nxd5 8.
O-O a5 9. Bd2 Nb6 10. Na4 Nxa4 11. Qxa4 Bd6 12. Bc3 Bd7 13. Qc2 f5 14. d4 exd4
15. Nxd4 Nxd4 16. Bxd4 Bc6 17. Rfd1 Qg5 18. Bc4+ Kh8 19. f4 Qg4 20. h3 Qg3 21.
Qf2 Qg6 22. Be2 Rae8 23. Bf3 Be4 24. Rac1 Qf7 25. a3 25... Qb3 {.} 1/2-1/2

[Event "xxx"]
[Site ""]
[Date "1998.07.30"]
[Round "6"]
[White "TITZ, Heimo Dr."]
[Black "SULYOK, Michael"]
[Result "1-0"]
[WhiteElo "2305"]
[BlackElo "2270"]
[PlyCount "87"]
[EventDate "1998.07.25"]

1. c4 g6 2. e4 Bg7 3. d4 d6 4. Nc3 Nc6 5. d5 Nd4 6. Nge2 c5 7. Nxd4 cxd4 8. Nb5
Qb6 9. c5 dxc5 10. Bf4 Kf8 11. Bc7 Qf6 12. a4 h5 13. Bd3 Bh6 14. Qc2 b6 15. a5
bxa5 16. Rxa5 Bd7 17. O-O Bf4 18. Bxf4 Qxf4 19. Rxa7 Rxa7 20. Nxa7 Qc7 21. Nc6
Qb6 22. Rc1 Bxc6 23. dxc6 Qxc6 24. b4 Nf6 25. b5 Qc7 26. Qxc5 Qxc5 27. Rxc5 { }
27... Kg7 28. e5 Nd7 29. Rd5 Nb6 30. Rxd4 Ra8 31. g3 Ra1+ 32. Kg2 Rd1 33. Kf3
g5 34. Ke2 Ra1 35. h4 Ra2+ 36. Ke3 g4 37. Be4 Rb2 38. Bc6 Kg6 39. Rf4 Rb3+ 40.
Kd4 Rb4+ 41. Kc5 Rxf4 42. gxf4 Na4+ 43. Kb4 Nb6 44. Be4+ 1-0

[Event "xxx"]
[Site ""]
[Date "1998.07.31"]
[Round "7"]
[White "EINGORN, Vereslav"]
[Black "LERNER, Konstantin"]
[Result "1/2-1/2"]
[WhiteElo "2610"]
[BlackElo "2580"]
[PlyCount "36"]
[EventDate "1998.07.25"]

1. e4 e5 2. Nc3 Nf6 3. g3 Bc5 4. Bg2 d6 5. Nf3 Nc6 6. d3 Nd4 7. Nxd4 Bxd4 8.
O-O Bg4 9. Qe1 Qd7 10. Be3 Bxe3 11. Qxe3 Bh3 12. d4 Bxg2 13. Kxg2 exd4 14. Qxd4
O-O 15. Rfe1 Rfe8 16. Nd5 Nxd5 17. exd5 a5 18. a4 18... b6 {.} 1/2-1/2

[Event "xxx"]
[Site ""]
[Date "1998.07.31"]
[Round "7"]
[White "KOVACS, Gabor"]
[Black "LANKA, Zigurds"]
[Result "0-1"]
[WhiteElo "2340"]
[BlackElo "2515"]
[PlyCount "44"]
[EventDate "1998.07.25"]

1. d4 Nf6 2. Nf3 g6 3. Bg5 Bg7 4. Nbd2 c5 5. Bxf6 Bxf6 6. Ne4 Qb6 7. Nxf6+ Qxf6
8. c3 d6 9. g3 Nd7 10. Bg2 O-O 11. O-O Rb8 12. a4 b6 13. Qd3 Bb7 14. Rfe1 Rfd8
15. h4 cxd4 16. cxd4 e5 17. Qe3 Bxf3 18. Qxf3 Rbc8 19. Qb7 exd4 20. Qxa7 Rc2
21. b4 d3 22. Qb7 22... d2 { } 0-1

[Event "xxx"]
[Site ""]
[Date "1998.07.31"]
[Round "7"]
[White "KUMMER, Helmut"]
[Black "STANEC, Nikolaus"]
[Result "0-1"]
[WhiteElo "2315"]
[BlackElo "2495"]
[PlyCount "102"]
[EventDate "1998.07.25"]

1. d4 Nf6 2. c4 e6 3. Nf3 Bb4+ 4. Bd2 Qe7 5. g3 Nc6 6. Bg2 Bxd2+ 7. Nbxd2 d6 8.
e4 e5 9. d5 Nb8 10. O-O a5 11. Ne1 h5 12. Nef3 Nbd7 13. Qc2 Nf8 14. Nh4 g5 15.
Nf5 Bxf5 16. exf5 h4 17. Rae1 N8d7 18. Nf3 hxg3 19. fxg3 g4 20. Nd4 Nc5 21. b3
Qf8 22. Nb5 Rc8 23. Bh1 Qh6 24. Rf2 Kf8 25. Nc3 Re8 26. a3 Nh7 27. b4 axb4 28.
axb4 Nd7 29. Ne4 Ndf6 30. c5 Nxe4 31. Bxe4 Ng5 32. Kf1 Nh3 33. Rfe2 Ra8 34.
cxd6 cxd6 35. Qc7 Kg7 36. Qxb7 Rab8 37. Qe7 Rxb4 38. Bg2 Ng5 39. Rf2 Qf6 40.
Qxf6+ Kxf6 41. Kg1 41... Rhb8 { } 42. h4 gxh3 43. Bh1 Rb1 44. Rxb1 Rxb1+ 45.
Kh2 e4 46. Re2 Kxf5 47. Rf2+ Kg6 48. Re2 f5 49. g4 Rd1 50. Rf2 fxg4 51. Rf4 g3+
0-1